1208 1146 1950 1975 1968 1549 1214 1489 1066 1966 1019 1571 1515 1853 1418 1717 1867 1498 1586 1172 1472 1664 1508 1054 1759 1472 1840 1199 1841 1269 1283 1885 1849 1966 1856 1988 1860 1013 1803 1943 1088 1341 1458 1282 1591 1558 1537 1023 1826 1822 1127 1009 1460 1354 1091 1826 1712 1106 1707 1469 1941 1171 1470 1865 1184 1977 1494 1298 1009 1217 1950 1279 1208 1831 1776 1212 1326 1193 1579 1090 1744 1075 1053 1192 1026 1163 1451 1637 1829 1574 1766 1320 1170 1888 1572 1514 1045 1553 1963 BCNSPRNW ULIB Ver.6.0+V

เปลี่ยนเป็นภาษาไทย

Change to English
 แสดงรายละเอียดบรรณานุกรม
  กลับหน้าหลัก

Brief Record : Get Marc (ISO 2709) : E-mail record : QR code < ปิดหน้าต่าง
LEADER : 00000nam 2200000uu 4500
001    13399112319
003     ULIB
008    110627s||||||||th 000 0 tha d
020    9786160603626
090    นว.^bJ111T มปป.
100 0  Just Nightmare
245 00 The Puzzle one...คดี(ไม่)ลับฉบับนางมาร/^cJust Nightmare
260    กรุงเทพฯ :^bแจ่มใส,^cมปป.
300    199 หน้า
710 1  แจ่มใส
945    ^p149^l0^i030403
995    ทศพร
999 ^a ใช้งานได้ทุกระบบ
รายการนี้ยังไม่มีแท็ก
คุณยังไม่ได้ล็อกอิน คุณสามารถมีกิจกรรมร่วมกับเว็บไซต์ได้ แต่ต้องล็อกอินก่อน ::
  ล็อกอิน

รายการสื่อสารสนเทศ

ลำดับที่ ประเภท เลขเรียก/บาร์โค้ด สถานที่ สถานะ
- ไม่พบข้อมูล -

BibComment


ยังไม่เคยถูกคอมเมนท์

คอมเมนท์ทรัพยากรรายการนี้
  คอมเมนท์: The Puzzle oneคดี..


 Copyright 2026. Bcnsprnw @Library